Quizzes
Events
Quiz Creation
Community
Videos
Private Events
Remove Ads
Sign In
Join for FREE
Feedback
Dark Mode
Quiz Categories
Sports
Geography
Music
Movies
Television
Just For Fun
Miscellaneous
History
Literature
Language
Science
Gaming
Entertainment
Religion
Holiday
For Kids
Quiz Lab
Recent
Popular Today
Quiz Kudos Today
Editor Picks
Curator Picks
Quizzes by...
Day
Popularity
Type
Ratings
Length
Year
Community
Subscriptions
Recent Discussions
Orange Saloon
Badges
Playlists
Quests
Create
Leaderboards
Showdown
Live 5
Trivia Bingo
Activity
Puzzle Library
Sporcle Events
Private Events
Virtual Trivia
Globe League
Become a Host
Pub Owners
SporcleCon
Opinionation
Our Games
Videos
Blog
Mobile Apps
Partnerships
Remove Ads and Go Orange
Feedback
Literature
Harry Potter
A Song of Ice and Fire
The Hunger Games
Literary Character
Shakespeare
Book
Author
Novel
Poem
Young Adult
Children's Books
Play
Lord of the Rings
Literature
Harry Potter
A Song of Ice and Fire
The Hunger Games
Literary Character
Shakespeare
Book
Author
Novel
Poem
Young Adult
Children's Books
Play
Lord of the Rings
Random Quiz
Search Sporcle
×
Featured
Featured
Literature
Book
Click on answers out of a set of options
Click on answers out of a set of options
Multiple Choice
Best Score? Go Orange.
Harry Potter Spells or Medical Terms? Stats
Can you guess if the following expressions are Harry Potter spells or medical terms?
By
annsof44
3m
24 Questions
22.2K Plays
22,248 Plays
22,248 Plays
Comments
Comments
Give Quiz Kudos
Give Quiz Kudos
-
- Ratings
hide this ad
Replay
Link that replays current quiz
Next Quiz
Link to next quiz in quiz playlist
You Got
0%
They Got
Avg Score
76%
Avg Friend Score
Upgrade to see
Score Distribution
Jump to the score distribution portion of the page
Score
0/24
Timer
03:00
7
Plays Today
Question
Answer
Wrong Answers
'Expecto Patronum'
Harry Potter
91.9%
Medical
1.3%
'Petrificus Totalus'
Harry Potter
90.1%
Medical
3.2%
'Tinea Capitis'
Medical
87.5%
Harry Potter
5.4%
'Pseudomonas Aeruginosa'
Medical
86.2%
Harry Potter
6.9%
'Status Epilepticus'
Medical
84.6%
Harry Potter
8.6%
'Arresto Momentum'
Harry Potter
83.9%
Medical
9.3%
'Abruptio Placentae'
Medical
83.7%
Harry Potter
9.4%
'Exophthalmos'
Medical
82.1%
Harry Potter
11%
'Yersinia Pestis'
Medical
81.9%
Harry Potter
11.2%
'Delirium Tremens'
Medical
81%
Harry Potter
12.1%
'Legilimens'
Harry Potter
79.5%
Medical
13.5%
'Emesis Gravidarum'
Medical
79.5%
Harry Potter
13.5%
'Morsmordre'
Harry Potter
78%
Medical
15.3%
'Mobilicorpus'
Harry Potter
77.7%
Medical
15.4%
'Episkey'
Harry Potter
76.2%
Medical
16.9%
'Caput Medusae'
Medical
74.6%
Harry Potter
18.5%
'Livedo Reticularis'
Medical
74.2%
Harry Potter
18.8%
'Locomotor Mortis'
Harry Potter
73.4%
Medical
20%
'Salvio Hexia'
Harry Potter
71.9%
Medical
21.4%
'Levator Ani'
Medical
69.6%
Harry Potter
23.5%
'Waddiwasi'
Harry Potter
59.1%
Medical
34.2%
'Furnunculus'
Harry Potter
57.7%
Medical
35.6%
'Infundibulum'
Medical
56.1%
Harry Potter
37.2%
'Cave Inimicum'
Harry Potter
44.7%
Medical
48.7%
Quiz Playlist
Details
Report
Send in Message
Add To Playlist
Multiple Choice:
Click on answers out of a set of options
Last Updated: Jan 17, 2021
Featured
Editor Pick in
Literature
Quiz Scoreboard
CHALLENGE
Sign Up to Join the Scoreboard
Show All
Scores
Hide
Comments
May contain spoilers
Recently Published
Billboard Blitz: Fleetwood Mac
by CooCooCachoo
Music
15s
Presidents Visiting Landmarks
by Hejman
History
7m
An Introduction to Baseball
by treessimontrees
Sports
5m
More to Explore
Quiz From the Vault
Featured Blog Post
Where Did the Easter Bunny Come From?
hide this ad
You Might Also Like...
Tags
Book Quiz
Harry Potter Quiz
Literary Character Quiz
This or That Quiz
Young Adult Quiz
Harry Potter Spells
Medicine
Multiple Choice
Today's Top Quizzes in Literature
Browse Literature
hide this ad
Today's Top Quizzes in Book
Browse Book
Top Contributed Quizzes in Literature
1
Sneaky Slytherin Logic Puzzle
2
Get The Picture: Black or White Literature
3
5-to-1: Plays
4
A Court of Thorns and Roses (ACoTaR) Logic Puzzle
5
One Thing in Common: Literature
6
One Thing in Common: Books
7
One Thing in Common: Literature 3
8
One Thing in Common: Literature II
9
Harry Potter Neighbourly Logic Puzzle #5
10
Harry Potter Neighbourly Logic Puzzle #6
Explore More
Trending Topics
Harry Potter
Marvel
Disney
Crossword
Kpop
NBA
Anime
Puzzle
Song
Pokémon
Soccer
WWE
The Office
NFL
Country
hide this ad
More By:
annsof44
Quiz
Plays
Rating
Category
Featured
Created
Harry Potter: Cluedo Murders
27,582
4.76
Literature
Jan 21, 2020
Harry Potter Spells or Medical Terms?
22,248
4.79
Literature
Dec 3, 2020
Harry Potter Characters: Logic Puzzle
16,710
4.79
Literature
Oct 24, 2019
Harry Potter: 10 to 1 Characters
6,874
4.52
Literature
Sep 8, 2019
Harry Potter Phonetic: Characters
5,970
4.85
Literature
Oct 28, 2019
Go to Creator's Profile
Score Distribution
Quiz Creator Spotlight
annsof44
Follow
Send a Message
Quizzes Created
-
Created Quiz Play Count
-
More By This Creator
Popular Quizzes Today
1
Find the US States - No Outlines Minefield
2
Find the Countries of Europe - No Outlines Minefield
3
The Countries of the World
4
Find the US States
5
Popular People in 1961
6
US States
7
Risky Map Clicking: Biggest States A-Z
8
Movies - When Are They Set?
More Literature Quizzes
Grab Bag: Percy Jackson
Quiz Lab
Trending Quizzes
Risky Map Clicking: Least Populous States A-Z
1-10 Letter G Words
1-10 Letter F Words
Risky Map Clicking: Next State Alphabetically
'A' Boys' Names Grid
Recently Updated
Leaping Animals
pecheneg
Reality TV Shows (A-Z)
bhenderson79
Rickey Henderson's Hall of Fame Teammates
pecheneg
Champions League XIs: Arsenal
pecheneg
Quick Pick: Celebrities in WWE's Hall of Fame
aduchscher
A-Z Keypad Blitz II
pecheneg
Multiple Oscar Actors
pecheneg
Mystery Phrase Blitz: Oscar 'Best Actors'
pecheneg
F. Scott Fitzgerald Novels
LTH
Pick 3 Villains
ddd62291
Trending Topics
Crossword
NBA
Kpop
Harry Potter
Marvel
Anime
Disney
Song
The Office
Puzzle
Pokémon
WWE
Soccer
NFL
Country
Your Account Isn't Verified!
In order to create a playlist on Sporcle, you need to verify the email address you used during registration. Go to your
Sporcle Settings
to finish the process.
Report this User
Report this user for behavior that violates our
Community Guidelines
.
Details:
Send Report
Go to the Sporcle.com Mobile Site →
Comments